Synonymes françois ó leurs différentes significations, et le choix qu'il en faut faire pour parler avec justesse / (Record no. 154322)

MARC details
000 -LEADER
campo de control de longitud fija 00767nam a22001935i 4500
001 - NÚMERO DE CONTROL
campo de control 154322
003 - IDENTIFICADOR DE NÚMERO DE CONTROL
campo de control ES-MaACL
005 - FECHA Y HORA DE LA ÚLTIMA TRANSACCIÓN
campo de control 20230906205651.0
008 - DATOS DE LONGITUD FIJA--INFORMACIÓN GENERAL
campo de control de longitud fija 050809s1740 fr | |||||||| ||fre d
040 ## - FUENTE DE CATALOGACIÓN
Centro catalogador/agencia de origen CAM
Lengua de catalogación spa
Centro/agencia transcriptor CAM
100 1# - ENTRADA PRINCIPAL--NOMBRE DE PERSONA
Nombre de persona Girard, Gabriel.
9 (RLIN) 57215
245 10 - MENCIÓN DEL TÍTULO
Título Synonymes françois ó leurs différentes significations, et le choix qu'il en faut faire pour parler avec justesse /
Mención de responsabilidad, etc. par M. l'Abbé Girard...
250 ## - MENCION DE EDICION
Mención de edición Troisième édition.
260 ## - PUBLICACIÓN, DISTRIBUCIÓN, ETC.
Lugar de publicación, distribución, etc. A Paris :
Nombre del editor, distribuidor, etc. de l'Imprimerie de la Veuve d'Houry ...,
Fecha de publicación, distribución, etc. 1740.
300 ## - DESCRIPCIÓN FÍSICA
Extensión XXXIV, 495 p. ;
Dimensiones 12º.
597 ## - NOTA DE DESCRIPCIÓN FÍSICA
NOTA DE DESCRIPCIÓN FÍSICA Sign.: a12, A-V12, X8.
650 #4 - PUNTO DE ACCESO ADICIONAL DE MATERIA--TÉRMINO DE MATERIA
Término de materia o nombre geográfico como elemento de entrada Lengua francesa-
Subdivisión general Sinónimos y antónimos.
9 (RLIN) 14233
852 ## - LOCALIZACIÓN
Ubicación ES-MaACL
Número de control de estantería R-1502
Nota libre -- Enc. piel, no original de la época
Encuadernación Olim: G-14304
Holdings
Estatus retirado Estado de pérdida Estado de daño No para préstamo Colección Biblioteca de origen Biblioteca actual Ubicación en estantería Fecha de adquisición Fuente de adquisición Total de préstamos Signatura topográfica completa Código de barras Visto por última vez Precio de reemplazo Tipo de ítem Koha
        Libros del s. XVIII Biblioteca del Ateneo de Madrid Biblioteca del Ateneo de Madrid Depósito 17/01/2008     R-1502 1161379 23/02/2023 23/02/2023 Libro impreso antiguo